| Tag |
First Indicator |
Second Indicator |
Subfields |
| LEADER |
00000cam a2200000 a 4500 |
| 001 |
in00000032174 |
| 005 |
20151007060420.0 |
| 008 |
880325s1988 enka b 00110 eng d |
| 010 |
|
|
|a gb 87053593
|
| 015 |
|
|
|a GB87-53593
|
| 020 |
|
|
|a 0863411134 :
|c £30.00
|
| 035 |
|
|
|a (OCoLC)17262805
|
| 035 |
|
|
|9 AAC0795AM
|
| 040 |
|
|
|a UKM
|c UKM
|d TXA
|d UtOrBLW
|
| 049 |
|
|
|a TXAM
|c [A11687090]
|
| 050 |
|
4 |
|a TH7641
|b .M37 1988
|
| 082 |
0 |
|
|a 697/.54
|2 19
|
| 100 |
1 |
|
|a Marecki, J.
|q (Jacek),
|d 1930-
|
| 245 |
1 |
0 |
|a Combined heat & power generating systems /
|c J. Marecki.
|
| 264 |
|
1 |
|a London :
|b Peregrinus on behalf of the Institution of Electrical Engineers,
|c [1988]
|
| 264 |
|
4 |
|c ©1988
|
| 300 |
|
|
|a xxiii, 184 pages :
|b illustrations ;
|c 24 cm.
|
| 336 |
|
|
|a text
|b txt
|2 rdacontent
|
| 337 |
|
|
|a unmediated
|b n
|2 rdamedia
|
| 338 |
|
|
|a volume
|b nc
|2 rdacarrier
|
| 490 |
1 |
|
|a IEE energy series ;
|v 3
|
| 500 |
|
|
|a Spine title: Combined heat and power generating systems.
|
| 500 |
|
|
|a Includes index.
|
| 504 |
|
|
|a Bibliography: pages [177]-180.
|
| 650 |
|
0 |
|a Heating from central stations.
|
| 650 |
|
0 |
|a Electric power-plants.
|
| 650 |
|
0 |
|a Waste heat.
|
| 653 |
|
|
|a District heating
|a Use of heat from power stations
|
| 710 |
2 |
|
|a Institution of Electrical Engineers.
|
| 740 |
0 |
|
|a Combined heat and power generating systems.
|
| 830 |
|
0 |
|a IEE energy series ;
|v 3.
|
| 999 |
|
|
|a MARS
|
| 999 |
f |
f |
|s e05c8207-b1c4-31bd-b5ac-8e8a5ca577e0
|i 23887f26-b35e-3217-934c-97555946a4c1
|t 0
|
| 952 |
f |
f |
|p ric
|a Texas A&M University
|b Rellis Campus
|c Joint Library Facility
|d Remote Storage
|t 0
|e TH7641 .M37 1988
|h Library of Congress classification
|i unmediated -- volume
|m A14811687090
|
| 998 |
f |
f |
|a TH7641 .M37 1988
|t 0
|l Remote Storage
|